Antenna design for cognitive radio (Record no. 490581)

000 -LEADER
fixed length control field 01238cam a22003257i 4500
001 - CONTROL NUMBER
control field 19271366
005 - DATE AND TIME OF LATEST TRANSACTION
control field 20180926093745.0
008 - FIXED-LENGTH DATA ELEMENTS--GENERAL INFORMATION
fixed length control field 160912t20162016maua b 001 0 eng c
010 ## - LIBRARY OF CONGRESS CONTROL NUMBER
LC control number 2016285215
020 ## - INTERNATIONAL STANDARD BOOK NUMBER
International Standard Book Number 9781608079537
020 ## - INTERNATIONAL STANDARD BOOK NUMBER
International Standard Book Number 1608079538
035 ## - SYSTEM CONTROL NUMBER
System control number (OCoLC)ocn953041325
040 ## - CATALOGING SOURCE
Original cataloging agency VYR
Language of cataloging eng
Transcribing agency VYR
Description conventions rda
Modifying agency YDXCP
-- BTCTA
-- BDX
-- NLE
-- UPM
-- VGM
-- OCLCQ
-- OCLCO
-- DLC
042 ## - AUTHENTICATION CODE
Authentication code pcc
050 00 - LIBRARY OF CONGRESS CALL NUMBER
Classification number TK7871.6
Item number .T39 2016
082 ## - DEWEY DECIMAL CLASSIFICATION NUMBER
Classification number 621.384 TAW
100 1# - MAIN ENTRY--PERSONAL NAME
Personal name Tawk, Youssef,
Relator term author.
245 10 - TITLE STATEMENT
Title Antenna design for cognitive radio
Statement of responsibility, etc. Youssef Tawk, Joseph Costantine, Christos Christodoulou.
300 ## - PHYSICAL DESCRIPTION
Extent xiii, 274 pages :
Other physical details illustrations ;
Dimensions 25 cm.
490 1# - SERIES STATEMENT
Series statement Antennas and electromagnetics analysis library
504 ## - BIBLIOGRAPHY, ETC. NOTE
Bibliography, etc. note Includes bibliographical references and index.
650 #0 - SUBJECT ADDED ENTRY--TOPICAL TERM
Topical term or geographic name entry element Cognitive radio networks.
650 #0 - SUBJECT ADDED ENTRY--TOPICAL TERM
Topical term or geographic name entry element Antennas (Electronics)
General subdivision Design and construction.
700 1# - ADDED ENTRY--PERSONAL NAME
Personal name Constantine, Joseph,
Relator term author.
700 1# - ADDED ENTRY--PERSONAL NAME
Personal name Christodoulou, Christos G.,
Dates associated with a name 1955-
Relator term author.
830 #0 - SERIES ADDED ENTRY--UNIFORM TITLE
Uniform title Artech House antennas and electromagnetics analysis library.
906 ## - LOCAL DATA ELEMENT F, LDF (RLIN)
a 7
b cbc
c pccadap
d 2
e ncip
f 20
g y-gencatlg
942 ## - ADDED ENTRY ELEMENTS (KOHA)
Source of classification or shelving scheme
Koha item type Book
Holdings
Withdrawn status Lost status Damaged status Not for loan Collection code Permanent Location Current Location Shelving location Date acquired Source of acquisition Cost, normal purchase price Total Checkouts Full call number Barcode Date last seen Price effective from Koha item type
          Central Library (CL) Central Library (CL) General Stacks 12/23/2016 A & J Def Tek Consultant 12380.00   621.384 TAW SEECS013653 07/19/2023 12/26/2016 Book
© 2023 Central Library, National University of Sciences and Technology. All Rights Reserved.